[Event "Mechanics' SummerTNM; 30/90, SD/30"]
[Site "San Francisco"]
[Date "2014.06.10"]
[Round "3.6"]
[White "Wang, Yuan"]
[Black "Thornally, Frank"]
[Result "0-1"]
[WhiteElo "1887"]
[BlackElo "2200"]
[PlyCount "124"]
[EventDate "2014.??.??"]

1. e4 e5 2. Nf3 Nc6 3. Bb5 a6 4. Ba4 Nf6 5. O-O Be7 6. Re1 b5 7. Bb3 d6 8. c3
O-O 9. h3 Nd7 10. d4 Bf6 11. d5 Ne7 12. a4 Rb8 13. Na3 Ng6 14. Bc2 Nc5 15. b4
Nxa4 16. Bxa4 bxa4 17. Qxa4 Be7 18. Nc4 f5 19. Na5 Bd7 20. Nc6 Qe8 21. Qxa6 Rb6
22. Qc4 Bxc6 23. dxc6+ Qf7 24. Qd5 fxe4 25. Qxf7+ Rxf7 26. Rxe4 Rxc6 27. c4 Rb6
28. Bd2 Rf8 29. Ra7 Rc8 30. Ne1 Rbb8 31. Nd3 Ra8 32. Rxa8 Rxa8 33. b5 Ra2 34.
Be3 Ra1+ 35. Kh2 Rb1 36. Bd2 d5 37. cxd5 Rxb5 38. Bb4 Bd6 39. f4 Rxd5 40. Bxd6
cxd6 41. Nb4 Rd2 42. fxe5 Nxe5 43. Kg3 Kf7 44. Na6 g5 45. Nc7 Kf6 46. Nb5 Kf5
47. Rd4 Rxd4 48. Nxd4+ Ke4 49. Ne6 h6 50. h4 g4 51. h5 d5 52. Kf2 Nd3+ 53. Kg3
Ne5 54. Kf2 d4 55. Ke2 Nc4 56. Nc5+ Kd5 57. Nd3 Ne5 58. Nf4+ Ke4 59. g3 d3+ 60.
Kd2 Kf3 61. Ne6 Kxg3 62. Ng7 Kf2 0-1

[Event "Mechanics' Whitehead TNM; 30/90, SD/30"]
[Site "San Francisco"]
[Date "2014.08.12"]
[Round "2.7"]
[White "Wang, Yuan"]
[Black "Uzzaman, Ashik"]
[Result "1-0"]
[WhiteElo "1850"]
[BlackElo "2102"]
[Annotator "Winslow,Elliott C"]
[PlyCount "105"]
[EventDate "2014.??.??"]

1. e4 c5 2. Nc3 g6 3. d4 cxd4 4. Qxd4 Nf6 5. e5 Nc6 6. Qf4 Nh5 7. Qe4 d6 8. Bb5
Qc7 9. g4 f5 10. Nd5 Qa5+ 11. Qb4 Qxb4+ 12. Nxb4 fxg4 13. Nxc6 Bd7 $4 ({
Not everybody knows the standard} 13... a6 $1 14. Nd4+ ({when} 14. Ba4 Bd7 {
is quite a different story.}) (14. exd6 axb5 (14... exd6) 15. dxe7 Bg7) 14...
axb5 15. Nxb5 Kf7 16. exd6 Bd7 17. Nc7 (17. dxe7 Bg7 $1) 17... Rc8 18. Nd5 Bc6)
14. Nd4 dxe5 15. Bxd7+ Kxd7 16. Nb3 Rc8 17. c3 Nf4 18. Bxf4 exf4 19. O-O-O+ Ke6
20. Ne2 Bh6 21. Kc2 b6 22. Rd4 (22. Rhg1) 22... Kf6 23. Nxf4 e5 24. Nd5+ Ke6
25. Rd3 Rhf8 26. Rf1 e4 27. Rdd1 Ke5 28. Ne3 Bxe3 29. fxe3 Rf3 30. Rxf3 gxf3 (
30... exf3) 31. Rd4 Kf5 32. Nd2 Re8 33. Kd1 h5 34. Ke1 g5 35. Kf2 b5 36. Rd5+
Re5 37. Rxe5+ Kxe5 38. Nb3 g4 39. Nd4 a6 40. h3 Kd5 41. hxg4 hxg4 42. b3 Ke5
43. Kg3 Kf6 44. Nc6 Kf5 45. Nb8 a5 46. Nc6 a4 47. Nd4+ Ke5 48. Nxb5 axb3 49.
axb3 Kd5 50. Na3 Kc5 51. Nc4 Kd5 52. Nb2 Kc5 53. Nd1 1-0

[Event "Mechanics' Fall TNM; 30/90, SD/30"]
[Site "San Francisco"]
[Date "2014.12.09"]
[Round "7.7"]
[White "Wang, Yuan"]
[Black "Vickers, Keith"]
[Result "0-1"]
[WhiteElo "2033"]
[BlackElo "2200"]
[PlyCount "80"]
[EventDate "2014.??.??"]

1. e4 d5 2. exd5 Qxd5 3. Nc3 Qa5 4. d4 Nf6 5. Bc4 c6 6. Bd2 Bf5 7. Nf3 e6 8.
Nd5 Qd8 9. Nxf6+ gxf6 10. Qe2 Bxc2 11. Rc1 Bg6 12. O-O Qd6 13. Nh4 Bg7 14. Rfe1
Nd7 15. Qg4 O-O-O 16. Red1 f5 17. Qe2 Bxd4 18. Bg5 Rde8 19. Qd3 h6 20. Be3 e5
21. Nxf5 Qf6 22. Qa3 Bxf5 23. Bxd4 exd4 24. Qxa7 Nb8 25. a4 Re7 26. Qa5 Qe5 27.
Qb4 Rd7 28. Re1 Qd6 29. Qa5 d3 30. Rcd1 Bg6 31. Re3 Rhd8 32. Rd2 Re7 33. Bxd3
Qc7 34. Bf5+ Bxf5 35. Qxf5+ Red7 36. g3 b6 37. a5 b5 38. b4 Kb7 39. Rc2 Rd1+
40. Kg2 Qd7 0-1

[Event "Mechanics' Fall TNM; 30/90, SD/30"]
[Site "San Francisco"]
[Date "2014.11.25"]
[Round "5.7"]
[White "Wang, Yuan"]
[Black "Wong, Russell"]
[Result "0-1"]
[WhiteElo "2033"]
[BlackElo "2200"]
[PlyCount "48"]
[EventDate "2014.??.??"]

1. e4 Nf6 2. Nc3 d5 3. e5 Nfd7 4. e6 fxe6 5. d4 c5 6. Nf3 cxd4 7. Nxd4 Nf6 8.
Bb5+ Kf7 9. Bf4 a6 10. Bd3 Nc6 11. Nf3 h6 12. h4 d4 13. Ne4 e5 14. Bxe5 Qd5 15.
Qe2 b5 16. c4 dxc3 17. Nxc3 Qc5 18. O-O Bg4 19. Ne4 Bxf3 20. Nxc5 Bxe2 21. Bxe2
Nxe5 22. a4 e6 23. Nb3 bxa4 24. Rxa4 Rb8 0-1

[Event "Mechanics' Winter TNM; 30/90, SD/30"]
[Site "San Francisco"]
[Date "2014.01.28"]
[Round "4.9"]
[White "Watson, Farid Mark"]
[Black "Kottkamp, Jeff"]
[Result "1-0"]
[WhiteElo "2053"]
[BlackElo "1678"]
[Annotator "Donaldson"]
[PlyCount "111"]
[EventDate "2014.??.??"]

1. d4 f5 2. Nc3 Nf6 3. Bg5 g6 4. Bxf6 exf6 5. e3 d5 6. g3 Be6 7. Bg2 c6 8. Nge2
Nd7 9. Nf4 Bf7 10. a3 a5 11. O-O Bd6 12. Nce2 O-O 13. Nd3 b6 14. b4 Qc7 15. Qd2
b5 16. Rfb1 a4 17. Nc5 Nb6 18. Qc3 Nc4 19. Nf4 Rae8 20. Re1 Re7 21. Nfd3 Rfe8
22. Nb2 Nxb2 23. Qxb2 Bxc5 24. bxc5 Kg7 25. Qc3 Ra8 26. Qd2 Qa5 27. c3 Qc7 28.
Rab1 Rb8 29. Rb4 Ree8 30. Reb1 Bg8 31. Bf1 Bf7 32. Bd3 Bg8 33. R1b2 Bf7 34. Qd1
Bg8 35. Qf1 Bf7 36. h4 Ra8 37. Qh3 Ra7 38. Rb1 Be6 39. Qf1 h5 40. R1b2 Kh6 41.
Qb1 Qd7 42. Qf1 g5 43. hxg5+ fxg5 44. Bxb5 cxb5 45. Rxb5 f4 46. exf4 gxf4 47.
Qc1 Rf8 48. Rb6 h4 $4 {Diagram #} (48... Rf6) 49. Rxe6+ Qxe6 50. Rb6 Qxb6 51.
cxb6 Rg7 52. Kh2 hxg3+ 53. fxg3 Rf5 54. Kg2 Rxg3+ 55. Kf2 Rh5 $4 56. Qxf4+ 1-0

[Event "Mechanics' Winter TNM; 30/90, SD/30"]
[Site "San Francisco"]
[Date "2014.02.11"]
[Round "6.5"]
[White "Watson, Farid Mark"]
[Black "Manvelyan, Hayk"]
[Result "0-1"]
[WhiteElo "2053"]
[BlackElo "2357"]
[PlyCount "76"]
[EventDate "2014.??.??"]

1. d4 Nf6 2. c4 d6 3. Nc3 Nbd7 4. e4 e5 5. Nf3 Be7 6. Be2 O-O 7. O-O c6 8. Qc2
Qc7 9. Bg5 Re8 10. Rac1 Nf8 11. b4 Ne6 12. d5 Nxg5 13. Nxg5 Nxd5 14. Nxd5 cxd5
15. Qd2 Bxg5 16. Qxg5 dxe4 17. Rfd1 Be6 18. Qe3 f5 19. g4 Rf8 20. gxf5 Bxf5 21.
c5 dxc5 22. Rxc5 Qe7 23. Rdd5 Bg6 24. Rxe5 Qf6 25. Bc4+ Kh8 26. Re6 Qa1+ 27.
Kg2 Rf3 28. Qe2 Raf8 29. Rd6 Bf5 30. Rd1 Bh3+ 31. Kg1 Qf6 32. Qxe4 Rxf2 33. Qd3
Rf3 34. Qb1 Qf4 35. Kh1 Bg2+ 36. Kg1 Qe3+ 37. Kxg2 Rf2+ 38. Kg1 Rb2+ 0-1

[Event "Mechanics' Winter TNM; 30/90, SD/30"]
[Site "San Francisco"]
[Date "2014.02.18"]
[Round "7.10"]
[White "Watson, Farid Mark"]
[Black "Vichik, Adam"]
[Result "1-0"]
[WhiteElo "2053"]
[BlackElo "1361"]
[PlyCount "61"]
[EventDate "2014.??.??"]

1. d4 e6 2. c4 d5 3. Nc3 Nf6 4. cxd5 exd5 5. Bg5 Be7 6. e3 h6 7. Bh4 O-O 8. Bd3
Re8 9. Nge2 c6 10. O-O Ne4 11. Bxe7 Qxe7 12. Qc2 f5 13. Nf4 g5 14. Ng6 Qe6 15.
Ne5 Nd7 16. f4 g4 17. Na4 Nxe5 18. fxe5 b6 19. Nc3 Kh8 20. Ne2 Bb7 21. Nf4 Qf7
22. b4 Rac8 23. Bxe4 dxe4 24. Qf2 Ba6 25. Rfd1 Kg7 26. Qh4 Qe7 27. Nh5+ Kg6 28.
Nf6 Rf8 29. Qh5+ Kg7 30. Qxf5 Rh8 31. Qxg4+ 1-0

[Event "Mechanics' Winter TNM; 30/90, SD/30"]
[Site "San Francisco"]
[Date "2014.01.14"]
[Round "2.17"]
[White "Watson, Farid Mark"]
[Black "Weiss, Nicholas"]
[Result "1-0"]
[WhiteElo "2053"]
[BlackElo "1418"]
[PlyCount "61"]
[EventDate "2014.??.??"]

1. d4 Nf6 2. c4 g6 3. Nc3 Bg7 4. e4 d6 5. Nf3 O-O 6. Be2 Nbd7 7. O-O e5 8. d5
Nc5 9. Qc2 Bd7 10. Ne1 Nfxe4 11. Nxe4 Bf5 12. f3 h5 13. Be3 b6 14. Bd3 Bxe4 15.
fxe4 Qe7 16. Nf3 Nxe4 17. Bxe4 f5 18. Ng5 f4 19. Ne6 fxe3 20. Nxf8 Bxf8 21.
Bxg6 Qg5 22. Rf5 Qg4 23. Bxh5 Qd4 24. Rg5+ Bg7 25. Rxg7+ Kxg7 26. Qg6+ Kh8 27.
Qf6+ Kh7 28. Bg6+ Kh6 29. Bf5+ Kh5 30. Qg6+ Kh4 31. g3# 1-0

[Event "Mechanics' Winter TNM; 30/90, SD/30"]
[Site "San Francisco"]
[Date "2014.02.11"]
[Round "6.35"]
[White "Weiss, Nicholas"]
[Black "Hilliard, Michael"]
[Result "1-0"]
[WhiteElo "1418"]
[BlackElo "1400"]
[PlyCount "65"]
[EventDate "2014.??.??"]

1. e4 c6 2. d4 d5 3. e5 Bf5 4. Nf3 Nd7 5. c4 f6 6. Bd3 Bxd3 7. Qxd3 e6 8. O-O
Qc7 9. Re1 fxe5 10. Nxe5 Ngf6 11. Nd2 Bd6 12. Ndf3 O-O 13. h3 Ne4 14. Nxd7 Qxd7
15. c5 Bc7 16. Bd2 Rf6 17. Ng5 Nxg5 18. Bxg5 Rg6 19. Bh4 Rf8 20. g4 Bd8 21. Bg3
Rh6 22. Bd6 Rf7 23. f4 Bc7 24. Be5 Bxe5 25. fxe5 Qe7 26. Rf1 Qh4 27. Rxf7 Kxf7
28. Rf1+ Ke7 29. Qf3 Rf6 30. exf6+ gxf6 31. Kg2 Qg5 32. Qf4 Qxf4 33. Rxf4 1-0

[Event "Mechanics' Winter TNM; 30/90, SD/30"]
[Site "San Francisco"]
[Date "2014.02.18"]
[Round "7.25"]
[White "Weiss, Nicholas"]
[Black "Palmeri, Ralph"]
[Result "0-1"]
[WhiteElo "1418"]
[BlackElo "1716"]
[PlyCount "58"]
[EventDate "2014.??.??"]

1. e4 c5 2. Nc3 d6 3. f4 e6 4. Nf3 Nc6 5. Bb5 Bd7 6. Bxc6 bxc6 7. d3 Be7 8. O-O
Rb8 9. b3 Nf6 10. Qe1 d5 11. Bb2 d4 12. Na4 O-O 13. c4 Qc7 14. e5 Ng4 15. Nxc5
$4 Bxc5 16. Qh4 Nh6 17. Rae1 a5 18. Bxd4 Bxd4+ 19. Nxd4 Qb6 20. Re4 f5 21. exf6
Rxf6 22. Kh1 c5 23. Nf3 Nf5 24. Qh3 a4 25. Ne5 Be8 26. g4 Rh6 27. Qf3 Nd4 28.
Qf2 axb3 29. axb3 Rd8 0-1

[Event "Mechanics' Winter TNM; 30/90, SD/30"]
[Site "San Francisco"]
[Date "2014.01.21"]
[Round "3.29"]
[White "Weiss, Nicholas"]
[Black "West, David"]
[Result "1-0"]
[WhiteElo "1418"]
[BlackElo "1373"]
[PlyCount "73"]
[EventDate "2014.??.??"]

1. e4 d5 2. e5 c5 3. f4 Bf5 4. Nf3 e6 5. d4 a6 6. Be3 c4 7. c3 Nc6 8. Nbd2 h6
9. Be2 Nge7 10. h3 Bh7 11. O-O Nf5 12. Bf2 Be7 13. Qe1 g5 14. g4 Ng7 15. Be3 f6
16. fxg5 fxg5 17. Qg3 Qc7 18. h4 gxh4 19. Nxh4 Bg5 20. Bf4 O-O-O 21. Ndf3 Bxf4
22. Qxf4 h5 23. g5 Rdf8 24. Qg3 Rhg8 25. Rf2 Ne7 26. Raf1 Ngf5 27. Nxf5 Nxf5
28. Qh3 Ne3 29. Qxe6+ Kb8 30. Re1 Ka8 31. Qh6 Qf7 32. e6 Qf4 33. e7 Qg3+ 34.
Kh1 Re8 35. Rh2 Rxe7 36. Rg1 Qd6 $4 37. Qxd6 1-0

[Event "Mechanics' Winter TNM; 30/90, SD/30"]
[Site "San Francisco"]
[Date "2014.02.04"]
[Round "5.31"]
[White "West, David"]
[Black "Campers, Willie"]
[Result "1-0"]
[WhiteElo "1373"]
[BlackElo "1791"]
[PlyCount "110"]
[EventDate "2014.??.??"]

1. c4 c5 2. Nc3 Nc6 3. Nf3 g6 4. g3 Bg7 5. Bg2 Nf6 6. e4 d6 7. d3 Bd7 8. O-O
Qc8 9. Bd2 Bh3 10. Qc1 h6 11. Nd5 Bxg2 12. Nxf6+ Bxf6 13. Kxg2 Bg7 14. Bc3 e5
15. a3 a5 16. b3 O-O 17. Bd2 Kh7 18. h4 Qg4 19. Qd1 Rae8 20. Ne1 Qe6 21. Rb1 f5
22. exf5 Rxf5 23. Nc2 Ref8 24. Ne3 R5f7 25. Bc3 Nd4 26. Bxd4 cxd4 27. Nd5 e4
28. Qe1 e3 29. f3 Be5 30. f4 Bf6 31. Qe2 h5 32. Rbe1 Bd8 33. a4 Qc8 34. Qb2 Qc5
35. Re2 Bb6 36. Rf3 Ba7 37. Rf1 Qc8 38. Rf3 Qf5 39. Qb1 Qg4 40. Qb2 Kh6 41. Rf1
Bc5 42. Rf3 Qf5 43. Qb1 Bb4 44. Nxb4 axb4 45. Rf1 b6 46. Kh2 d5 47. Rc1 Rc8 48.
Rcc2 Qxd3 49. cxd5 Rxc2 50. Qxc2 Qxc2 51. Rxc2 d3 52. Rc4 Rd7 53. Rd4 e2 54.
Re4 Rxd5 55. Kg2 d2 1-0

[Event "Mechanics' SummerTNM; 30/90, SD/30"]
[Site "San Francisco"]
[Date "2014.07.08"]
[Round "7.19"]
[White "West, David"]
[Black "Cohee, James"]
[Result "0-1"]
[WhiteElo "1428"]
[BlackElo "1638"]
[PlyCount "59"]
[EventDate "2014.??.??"]

1. c4 c5 2. g3 e6 3. Bg2 Nf6 4. Nc3 Nc6 5. d3 Be7 6. Bg5 h6 7. Bd2 O-O 8. Nf3
d5 9. cxd5 exd5 10. O-O Re8 11. e3 Bg4 12. Qb3 Qd7 13. Rfe1 Be6 14. d4 c4 15.
Qd1 a6 16. Na4 Qc7 17. b3 b5 18. Nc5 Ne4 19. Nxe4 dxe4 20. Ne5 Nxe5 21. dxe5
Rad8 22. Qc2 Qxe5 23. Bc3 Qc7 24. Bxe4 b4 25. Bd4 c3 26. Re2 Bd5 27. Bd3 a5 28.
Bb5 Bc6 29. Bxc6 Qxc6 30. Kf1 $4 {Time pressure.} 0-1

[Event "Mechanics' Winter TNM; 30/90, SD/30"]
[Site "San Francisco"]
[Date "2014.02.25"]
[Round "8.27"]
[White "West, David"]
[Black "James, Charles"]
[Result "0-1"]
[WhiteElo "1373"]
[BlackElo "1529"]
[PlyCount "44"]
[EventDate "2014.??.??"]

1. c4 f5 2. g3 Nf6 3. Nc3 g6 4. Bg2 Bg7 5. d3 O-O 6. e4 d6 7. Nge2 c6 8. O-O e5
9. a3 Na6 10. b4 Nc7 11. f3 f4 12. gxf4 Nh5 13. fxe5 Bxe5 14. f4 Bxc3 15. Nxc3
Ne6 16. Ne2 Qf6 17. Bd2 Qg7 18. Qc1 Nd4 19. Qd1 Bg4 20. Rf2 Nxe2+ 21. Rxe2 Bxe2
22. Bc3 Qxc3 0-1

[Event "Mechanics' Winter TNM; 30/90, SD/30"]
[Site "San Francisco"]
[Date "2014.01.28"]
[Round "4.24"]
[White "West, David"]
[Black "Sherwood, Peter"]
[Result "0-1"]
[WhiteElo "1373"]
[BlackElo "1808"]
[PlyCount "68"]
[EventDate "2014.??.??"]

1. e4 c5 2. Nc3 d6 3. f4 Nc6 4. Nf3 e6 5. d3 Be7 6. Be2 Nf6 7. O-O a6 8. a4 Qc7
9. Qe1 O-O 10. Nh4 Nd4 11. Bd1 g6 12. Ne2 Nxe2+ 13. Bxe2 Bd7 14. Nf3 Ne8 15. f5
Bf6 16. fxg6 fxg6 17. c3 Qd8 18. Qg3 e5 19. Bg5 Qe7 20. Bxf6 Nxf6 21. b3 Nh5
22. Qg5 Qxg5 23. Nxg5 Nf4 24. Rf2 h6 25. Nf3 Bg4 26. Raf1 Bxf3 27. Rxf3 Nxe2+
28. Kf2 Nf4 29. Kg1 Kg7 30. g3 Ne6 31. Kf2 Rxf3+ 32. Kxf3 Rf8+ 33. Ke2 Rxf1 34.
Kxf1 Kf6 0-1

[Event "Mechanics' Spring TNM; 30/90, SD/30"]
[Site "San Francisco"]
[Date "2014.04.15"]
[Round "5.32"]
[White "West, David Matthew"]
[Black "Cowgill, Jackie"]
[Result "1-0"]
[WhiteElo "1333"]
[BlackElo "1040"]
[PlyCount "95"]
[EventDate "2014.??.??"]

1. c4 c5 2. Nc3 Nc6 3. g3 Nf6 4. Bg2 e6 5. e4 e5 6. d3 h6 7. Nge2 Nd4 8. O-O
Be7 9. f4 Nxe2+ 10. Qxe2 d6 11. fxe5 dxe5 12. Nd5 O-O 13. Be3 b6 14. Nxe7+ Qxe7
15. h3 a5 16. Qd2 Ba6 17. Bxh6 Nh7 18. Be3 Rfd8 19. b3 a4 20. Qc3 a3 21. Bc1
Bc8 22. Be3 Qd6 23. Rad1 Be6 24. Kh2 f6 25. Bf3 Qd7 26. g4 Bf7 27. Be2 Qe6 28.
b4 cxb4 29. Qxb4 b5 30. Qxb5 Rdb8 31. Qc5 Rb2 32. Rd2 Rxd2 33. Bxd2 Qa6 34. Rb1
Qe6 35. Rb6 Qe8 36. Bd1 Nf8 37. Qb5 Nd7 38. Rb7 Be6 39. Ba4 Rd8 40. Ba5 Qe7 41.
Bxd8 Qxd8 42. c5 Nxc5 43. Rb8 Bc8 44. Qxc5 Qxd3 45. Qxc8+ Kh7 46. Qg8+ Kh6 47.
Qh8+ Kg6 48. Qh5# 1-0

[Event "Mechanics' Spring TNM; 30/90, SD/30"]
[Site "San Francisco"]
[Date "2014.05.06"]
[Round "8.22"]
[White "West, David Matthew"]
[Black "MacIntyre, Brendan"]
[Result "1-0"]
[WhiteElo "1333"]
[BlackElo "1688"]
[PlyCount "37"]
[EventDate "2014.??.??"]

1. c4 g6 2. d4 Bg7 3. Nf3 Nf6 4. Nc3 d6 5. Bf4 O-O 6. Qd2 Re8 7. e3 Nbd7 8. Bd3
e5 9. Bg5 exd4 10. Nxd4 b6 $4 11. Nc6 Bb7 12. Nxd8 Raxd8 13. O-O Nc5 14. Bc2 a6
15. Qe2 Ne6 16. Bh4 d5 17. cxd5 Nf4 18. Qc4 Bxd5 19. Qxf4 1-0

[Event "Mechanics' Spring TNM; 30/90, SD/30"]
[Site "San Francisco"]
[Date "2014.03.25"]
[Round "2.24"]
[White "West, David Matthew"]
[Black "Newey, Richard"]
[Result "1/2-1/2"]
[WhiteElo "1333"]
[BlackElo "1807"]
[PlyCount "120"]
[EventDate "2014.??.??"]

1. c4 c6 2. d4 d5 3. cxd5 cxd5 4. Nc3 Nc6 5. Nf3 e6 6. e4 dxe4 7. Nxe4 Nf6 8.
Nxf6+ Qxf6 9. Bg5 Bb4+ 10. Bd2 O-O 11. Bxb4 Nxb4 12. Bc4 Rd8 13. Qd2 Nc6 14.
Rd1 Nxd4 15. Nxd4 e5 16. O-O Rxd4 17. Qc3 Be6 18. Bxe6 fxe6 19. Rde1 Rad8 20.
Re2 R8d7 21. Rfe1 e4 22. g3 Rf7 23. Qc8+ Rd8 24. Qc2 Rfd7 25. Qxe4 Re8 26. Qa4
Ree7 27. Qxa7 e5 28. Qa5 b6 29. Qb5 Rc7 30. Qd5+ Kf8 31. Rxe5 Rxe5 32. Qxe5
Qxe5 33. Rxe5 Rb7 34. a4 Ra7 35. b3 Kf7 36. f4 Kf6 37. g4 h6 38. h4 Rc7 39. Kf2
Rc2+ 40. Re2 Rc3 41. Re3 Rc2+ 42. Kf3 Rc5 43. Ke2 Rc2+ 44. Kd1 Rg2 45. g5+ Kf5
46. Re7 Kxf4 47. Rxg7 hxg5 48. Rxg5 Rh2 49. Rb5 Ke3 50. Rxb6 Rxh4 51. Re6+ Kd3
52. Rd6+ Kc3 53. Rb6 Rh2 54. Ke1 Rh5 55. Kf2 Ra5 56. Ke2 Re5+ 57. Kf3 Ra5 58.
Ke4 Rc5 59. Rb5 Rc7 60. Kd5 Ra7 {White is winning but the game was eventually
drawn with both players low on time.} 1/2-1/2

[Event "Mechanics' SummerTNM; 30/90, SD/30"]
[Site "San Francisco"]
[Date "2014.06.10"]
[Round "3.17"]
[White "West, Matthew"]
[Black "Nyangar, Enkhmaa"]
[Result "0-1"]
[WhiteElo "1428"]
[BlackElo "1807"]
[Annotator "Donaldson"]
[PlyCount "80"]
[EventDate "2014.??.??"]

1. c4 e5 2. Nc3 Nf6 3. g3 d5 4. cxd5 Nxd5 5. Bg2 c6 6. e4 $2 Nb4 7. Bf1 Nd3+ 8.
Bxd3 Qxd3 9. Qe2 Qd6 10. Nf3 Bg4 11. O-O Be7 12. Qe3 O-O 13. b3 Nd7 14. d3 f5
15. exf5 Rxf5 16. Nd2 Bg5 17. Nde4 Bxe3 18. Nxd6 Bxc1 19. Nxf5 (19. Raxc1)
19... Bb2 20. Rab1 $4 (20. Ne3 $11) 20... Bxc3 21. Rbc1 Bd2 22. Rc2 Bg5 23. Nd6
Rb8 24. Re1 c5 25. Rc4 Be6 26. Rc2 b5 27. Ne4 Be7 28. Nd2 Rc8 29. Nf3 Bf6 30.
Nd2 a5 31. f4 Bd5 32. f5 Nb6 33. Ne4 c4 34. Rec1 Be7 35. Nd2 Rf8 36. dxc4 Bc5+
37. Kf1 Rxf5+ 38. Ke2 bxc4 39. bxc4 Rf2+ 40. Kd3 Be6 0-1

[Event "Mechanics' Winter TNM; 30/90, SD/30"]
[Site "San Francisco"]
[Date "2014.01.21"]
[Round "3.13"]
[White "Winslow, Elliott"]
[Black "Bayaraa, Chinguun"]
[Result "1-0"]
[WhiteElo "2281"]
[BlackElo "1570"]
[PlyCount "63"]
[EventDate "2014.??.??"]

1. Nf3 d5 2. d4 e6 3. c4 Nf6 4. Nc3 Be7 5. Bf4 c6 6. e3 Nbd7 7. Qc2 b6 8. cxd5
cxd5 9. Bd3 O-O 10. O-O Bb7 11. Rac1 Rc8 12. Qa4 Nh5 13. Ne5 Nxf4 14. exf4 Nxe5
15. fxe5 a5 16. f4 f5 17. Bb5 Rc7 18. Ne2 Rxc1 19. Rxc1 Bb4 20. Qd1 Rf7 21. a3
Bf8 22. Qd2 g5 23. Qc3 Rg7 24. Ng3 gxf4 25. Nh5 Rxg2+ 26. Kxg2 Qg5+ 27. Ng3 Bh6
28. Rc2 Kh8 29. Qc7 fxg3 30. Qb8+ Kg7 31. Rc7+ Kg6 32. Qe8# 1-0

[Event "Mechanics' Winter TNM; 30/90, SD/30"]
[Site "San Francisco"]
[Date "2014.01.07"]
[Round "1.1"]
[White "Winslow, Elliott"]
[Black "Bertot, German"]
[Result "1-0"]
[WhiteElo "2281"]
[BlackElo "1631"]
[Annotator "Winslow"]
[PlyCount "61"]
[EventDate "2014.??.??"]

1. e4 e5 2. Nf3 Nc6 3. Bb5 a6 4. Ba4 Nf6 5. O-O d6 6. Re1 b5 7. Bb3 Be7 (7...
Na5 8. d4 exd4 (8... Nxb3 9. axb3 Bb7 {
"The favorite move amongst Black players" Wedberg} (9... exd4 10. Nxd4 (10. e5
dxe5 11. Nxe5 Be6) 10... Bb7 (10... Bd7) 11. Nf5 (11. Bg5) 11... g6 12. Nh6) (
9... Nd7) 10. Bg5 h6 11. dxe5 hxg5 $2 (11... dxe5 12. Qxd8+ Rxd8 13. Bxf6 (13.
Bh4 Be7 14. Nc3 O-O 15. Nxe5 b4 16. Ne2 g5 17. Bg3 Nxe4 $15) 13... gxf6 14.
Nbd2 Rg8 $13) 12. exf6 g4 13. e5 $1 Bxf3 (13... gxf3 14. exd6+ Kd7 15. Re7+ Kc8
16. d7+ Kb8 17. Re8) 14. gxf3 gxf3 $2 (14... d5 15. fxg4 $16) 15. exd6+ Kd7 16.
Re7+ $1 Kc8 17. Rxc7+ $1 Kb8 18. Qxf3 {
1-0 Rogovoi,M-Kyprijanov,I, Petrov mem op St Peterburg 2000}) 9. e5 dxe5 10.
Nxe5 Be7 11. Nxf7 Nxb3 (11... Bg4 12. f3 Qd7 13. Ne5 Qd6 14. Bf7+ Kd8 15. fxg4
Rf8 16. Bf4 Qc5 17. Nd2 Bd6 18. Nb3 Nxb3 19. Bxb3 Nd5 20. Nd3 Qc6 21. Qf3 Bxf4
22. Bxd5 Bxh2+ 23. Kxh2 Qd6+ 24. Qg3 Qxd5 25. Qe5 Qxe5+ 26. Rxe5 Kd7 27. Rae1
Rad8 28. Re7+ Kc6 29. Rxg7 {1-0 Lasker,Em-Israel,Alfedo Buenos Aires sim 1910})
(11... Qd7 12. Nxh8 Nxb3 13. axb3 Bb7 14. Qe2 Kf8 15. Qe6 Qxe6 16. Rxe6 Nd5 17.
c4 dxc3 18. Nxc3 Nxc3 19. bxc3 Bf6 20. Ba3+ Kg8 21. Rae1 {
1-0 Holzer,G (2245)-Rolletschek,H (2325), AUT-chT2O 9798, Austria 1998}) 12.
Nxd8 Nxa1 13. Nc6 Nd5 14. Qh5+ g6 15. Qxd5 Kf8 16. Nxe7 Rb8 17. Qd8+ Kg7 18.
Qxd4+ Kf7 19. Qxh8 Nxc2 20. Qg8+ Kf6 21. Qf8# {
1-0 Carlsen,M-Blomqvist,E Nordic ch-T Norway 2001}) 8. c3 O-O 9. h3 h6 10. d4
exd4 $5 (10... Re8) 11. cxd4 d5 (11... Bb7) (11... Re8) (11... Nh7 $5) 12. e5 (
12. Nc3 $5 Bb4 $5) 12... Ne4 13. Nbd2 Bb4 $6 (13... Ng5 $5 14. Bc2 g6 15. Nb3
a5 16. Bxg5 hxg5 17. e6 Bxe6 18. Bxg6 a4 19. Bb1 Kg7 20. Qd3 Rh8 21. Rxe6 Nb4
22. Rg6+ fxg6 23. Qxg6+ Kf8 24. Nc5 Bxc5 25. Nxg5 Qd7 26. Bf5 Ra6 27. Ne6+ Rxe6
28. Bxe6 Qg7 29. Qf5+ Ke7 30. dxc5 Rf8 31. Qg4 Qxb2 32. Rf1 Nd3 33. Bxd5 Nxc5
34. Bf3 Qe5 35. Qb4 Rf4 36. Qxb5 Rxf3 37. gxf3 Qg5+ 38. Kh1 Qf5 39. Rc1 Qxf3+
40. Kg1 Ne6 41. Qb4+ Kf7 42. Qg4 Qa3 43. Qf5+ Ke7 44. Re1 Qxa2 45. Re3 Kd6 46.
Qd3+ Kc6 47. Qa6+ Kd7 48. Qb5+ Kd6 49. Rd3+ Ke7 50. Qb4+ c5 51. Qh4+ Ke8 52.
Kg2 Kf7 53. Rd7+ Kg6 54. Qg4+ Kf6 55. Qf3+ Kg6 56. Rf7 Ng5 57. Qf5+ {
1-0 (57) Suetin,A-Averbakh,Y Riga 1954}) (13... Bf5 $5 14. Bc2 Bb4 (14... Nb4
15. Bb1 c5 $5 16. Qe2 Nc6 17. dxc5) 15. Re2 Nxd2 16. Bxd2 Bxd2 17. Qxd2 Bxc2
18. Qxc2 Ne7 19. Rc1 c6 20. Ne1 a5 21. f4 Qd7 22. Nf3 Rac8 23. Kh2 Rc7 24. Qc3
a4 25. g4 f5 26. g5 Qe6 27. Qb4 Rd8 28. Kg3 h5 29. Ne1 h4+ 30. Kxh4 Kf7 31. Nd3
Rh8+ 32. Kg3 Qg6 33. Rh2 Qh5 34. Qd6 Qh4+ 35. Kf3 Qh5+ 36. Ke3 Rhc8 37. Nc5 Qh4
38. Kf3 Qh5+ 39. Kg3 Ke8 40. Ne6 Ng6 {
1-0 (40) Vachtfeidl,P (1981)-Booley,G (1790) England 2011}) 14. Re2 $2 (14.
Nxe4 $1 dxe4 (14... Bxe1 15. Qxe1 dxe4 16. Qxe4 Bd7 17. Bxh6 $1) 15. Rxe4 $18)
14... Bf5 15. Nf1 $6 (15. Bc2) 15... Ne7 16. a3 $6 (16. Bc2) 16... Ba5 17. Ne3
Be6 (17... Bh7) 18. Bd2 (18. Bc2 c6) 18... Bb6 $6 (18... Nxd2 19. Nxd2 Bb6 20.
Nf3 c5) 19. Bb4 Re8 20. Qc2 Nf5 (20... c6) 21. Nxd5 $6 Bxd5 $2 (21... Nxd4 22.
Nxd4 (22. Qxe4 Nxe2+ 23. Kf1 c5 $1) 22... Bxd5 23. Rd1) 22. Bxd5 Qxd5 23. Qxe4
Qd7 24. Bc5 Rad8 25. Bxb6 cxb6 26. d5 Ne7 27. Rd1 Nc6 28. Qf4 Nxe5 $4 29. Rxe5
Rxe5 30. Nxe5 Qe7 31. Nc6 {
1-0 Winslow,E (2281)-Bertot,G (1631)/San Francisco 2014/[Winslow,Elliott C]}
1-0

[Event "Mechanics' Whitehead TNM; 30/90, SD/30"]
[Site "San Francisco"]
[Date "2014.09.16"]
[Round "7.1"]
[White "Winslow, Elliott"]
[Black "Byambaa, Uyanga"]
[Result "1-0"]
[WhiteElo "2254"]
[BlackElo "2171"]
[PlyCount "81"]
[EventDate "2014.??.??"]

1. d4 Nf6 2. c4 g6 3. Nc3 Bg7 4. e4 d6 5. h3 O-O 6. Nf3 e5 7. d5 a5 8. Bd3 Na6
9. Be3 Bd7 10. Nd2 Nh5 11. g3 Qc8 12. Be2 Nf6 13. g4 Nc5 14. Qc2 Ne8 15. O-O-O
f5 16. exf5 gxf5 17. f3 Kh8 18. Rdg1 a4 19. h4 c6 20. g5 a3 21. b3 Na6 22. Kb1
Nb4 23. Qc1 cxd5 24. Nxd5 Nxd5 25. cxd5 Nc7 26. Nc4 Nxd5 27. h5 Nxe3 28. Qxe3
f4 29. Qd2 Bf5+ 30. Bd3 d5 31. Nb6 Bxd3+ 32. Qxd3 e4 33. Qd2 Qc7 34. h6 Bc3 35.
Nxa8 Rxa8 36. Qxd5 e3 37. Rc1 Rc8 38. Rhd1 e2 39. Re1 Re8 40. Qd3 Qa5 41. Qxc3+
1-0